| 000 | 00763nam a2200229Ia 4500 | ||
|---|---|---|---|
| 003 | OSt | ||
| 005 | 20251106151713.0 | ||
| 008 | 210716s2016 xx 000 0 und d | ||
| 020 | _a9781786466686 | ||
| 040 | _cAIMIT LIBRARY | ||
| 041 | _aeng | ||
| 082 |
_a005.8 _21 _bRVRA |
||
| 100 |
_aRV, Rajesh. _9244395 |
||
| 245 |
_aSpring microservices : _bbuild scalable microservices with spring docker and mesos / _cBy Rajesh RV. |
||
| 250 | _a1st ed. | ||
| 260 |
_aMumbai : _bPackt Publishing Ltd , _c2016. |
||
| 300 |
_axviii,407P. ; _bPB _c24 cm |
||
| 650 |
_aBuilding microservices with spring boot _9244396 |
||
| 650 |
_aApplying microservices concepts _9244397 |
||
| 650 |
_aScaling microservices with spring cloud _9244398 |
||
| 942 |
_2ddc _cBK _e1st _k005.8 RVRA |
||
| 999 |
_c196256 _d196256 |
||